Sociología de las migraciones
Պահպանված է:
| Հիմնական հեղինակ: | |
|---|---|
| Ձևաչափ: | Տեքստ |
| Հրապարակվել է: |
San José :
|
| Ցուցիչներ: |
Ավելացրեք ցուցիչ
Չկան պիտակներ, Եղեք առաջինը, ով նշում է այս գրառումը!
|
MARC
| LEADER | 00000 a a2200000 04500 | ||
|---|---|---|---|
| 001 | 17283 | ||
| 003 | |||
| 040 | |a CRAI/IIS |c CRAI/IIS | ||
| 090 | |a 010900 | ||
| 100 | |a Margulis, Mario | ||
| 245 | |a Sociología de las migraciones | ||
| 260 | |a San José : | ||
| 300 | |a 12 p. | ||
| 999 | |c 10212 |d 10212 | ||
